00661nam a2200145 i 4500001000700000003000900007005001700016008004100033100003700074245019000111260008600301300003800387700003900425852005100464165535ES-MaACL20250930063146.0931025s1732 sp |||| | spa d0 aSolís, Antonio de, d1610-168610aVarias poesias sagradas y profanas / cque dexò escritas (aunque no juntas, ni retocadas) don Antonio de Solis y Ribadeneyra ... ; recogidas y dadas á luz por Don Juan de Goyeneche. aEn Madrid : bpor Manuel Fernandez, impressor de libros y a su costa ..., c1732. a[12], 350 p., [2] en bl. ; c4º.1 aGoyeneche, Juan de,dca. 1656-1735 aES-MaACLjR-1182 z-- Enc. piel x G-8356